Entry Personal Name
Number of records used in: 1
001 - CONTROL NUMBER
003 - CONTROL NUMBER IDENTIFIER
005 - DATE AND TIME OF LATEST TRANSACTION
- control field:
20231205154504.0
008 - FIXED-LENGTH DATA ELEMENTS
- fixed length control field:
800602n| azannaabn |n aaa
010 ## - LIBRARY OF CONGRESS CONTROL NUMBER
- LC control number:
n 50028314
035 ## - SYSTEM CONTROL NUMBER
- System control number:
(OCoLC)oca00063691
040 ## - CATALOGING SOURCE
- Original cataloging agency:
DLC
- Language of cataloging:
eng
- Description conventions:
rda
- Transcribing agency:
DLC
- Modifying agency:
DLC
- Modifying agency:
UPB
- Modifying agency:
OCoLC
046 ## - SPECIAL CODED DATES
- Birth date:
1928-04-06
- Source of date scheme:
edtf
100 1# - HEADING--PERSONAL NAME
- Personal name:
Warner, Sam Bass,
- Dates associated with a name:
1928-
370 ## - ASSOCIATED PLACE
- Place of birth:
Boston, Mass.
373 ## - ASSOCIATED GROUP
- Associated group:
Massachusetts Institute of Technology
373 ## - ASSOCIATED GROUP
- Associated group:
Joint Center for Urban Studies
- Start period:
1959
- End period:
1963
373 ## - ASSOCIATED GROUP
- Associated group:
Harvard University
373 ## - ASSOCIATED GROUP
- Associated group:
Washington University (Saint Louis, Mo.)
- Start period:
1963
- End period:
1967
373 ## - ASSOCIATED GROUP
- Associated group:
University of Michigan
- Start period:
1967
- End period:
1972
373 ## - ASSOCIATED GROUP
- Associated group:
Boston University
- Start period:
1973
- End period:
1991
373 ## - ASSOCIATED GROUP
- Associated group:
Brandeis University
- Start period:
1991
374 ## - OCCUPATION
- Occupation:
Urban historian
670 ## - SOURCE DATA FOUND
- Source citation:
His Streetcar suburbs, 1962.
670 ## - SOURCE DATA FOUND
- Source citation:
His To dwell is to garden, c1987:
- Information found:
CIP t.p. (Sam Bass Warner, Jr.) galley (faculty of Boston Univ.)
670 ## - SOURCE DATA FOUND
- Source citation:
Restorative gardens, 1998:
- Information found:
title page (Sam Bass Warner, Jr.)
670 ## - SOURCE DATA FOUND
- Source citation:
Greater Boston: adapting regional traditions to the present, 2001:
- Information found:
title page (Sam Bass Warner, Jr.) page 4 of cover (Visiting Professor in the Department of Urban Studies and Planning at the Massachusetts Institute of Technology; he is the author of The Way We Really Live: Social Change in Metropolitan Boston Since 1920, The Urban Wilderness: A History of the American City, and The Private City: Philadelphia in Three Periods of Its Growth)
670 ## - SOURCE DATA FOUND
- Source citation:
American urban form, 2012:
- Information found:
title page (Sam Bass Warner) page 4 of cover (noted urban historian and Visiting Professor of Urban History at MIT, is the author of Streetcar Suburbs: The Process of Growth in Boston, 1870-1900; The Private City: Philadelphia in Three Periods of Its Growth; The Urban Wilderness: A History of the American City; To Dwell Is to Garden: A History of Boston's Community Gardens; and other books)
670 ## - SOURCE DATA FOUND
- Source citation:
Contemporary Authors Online, via WWW, September 21, 2012
- Information found:
(Sam Bass Warner, Jr.; born April 6, 1928 in Boston, Massachusetts; son of Sam Bass (a publisher) and Helen (Wilson) Warner; Harvard University, A.B., 1950; Ph. D., 1959; Yale University (law studies), 1950-1951; Boston University, M.S. (journalism), 1952; Watertown Sun, Watertown, MA, editor and publisher, 1951-1952; Massachusetts Institute of Technology-Harvard University Joint Center for Urban Studies, Cambridge, MA, research associate, 1959-1963; Harvard University, Cambridge, instructor, 1960-1963; Washington University, St. Louis, MO, associate professor of history and architecture and research associate at Institute for Urban and Regional Studies, 1963-1967; University of Michigan, Ann Arbor, professor of history, 1967-1972; Boston University, Boston, MA, William Edwards Huntington Professor of History, 1973-1991; Brandeis University, Waltham, MA, Jack Meyerhoff Professor of Environmental Studies, 1991-)